000 00522nam a2200181 i 4500
001 bg
100 1 _aJEDLIŃSKA, Anna.
245 0 _aKieszonkowy słownik francusko-polski, polsko-francuski /
_cA. Jedlińska, L. Szwykowski, J. Tomalak.
260 _aWarszawa,
_c1984.
650 4 _aSłowniki francusko-polskie
650 4 _aSłowniki polsko-francuskie
700 1 _aSZWYKOWSKI, Ludwik.
700 1 _aTOMALAK, Jerzy.
040 _cBPK
041 _apol
942 _cKS
008 s pl f |000 0 pol
999 _c29660
_d29660
856 _uhttp://koha.tu.koszalin.pl/cgi-bin/koha/opac-detail.pl?biblionumber=29660
_yKatalog online BPK